Music Quiz

Random Music Quiz

My baby don't care Quiz Stats

Quiz not verified by Sporcle

Challenge
Share
Tweet
Embed
Score 0/8 Timer 07:00
0 Plays Today
% Correct
clothes
95.5%
shows
77.3%
cars and races
77.3%
high-tone places
61.4%
Liz Taylor
54.5%
Liberace's smile
54.5%
Lana Turner
47.7%
who knows
40.9%

You're not logged in!

Compare scores with friends on all Sporcle quizzes.
Join for Free
OR
Log In

You Might Also Like...

Show Comments

Extras

Created Mar 12, 2010ReportNominate

Top Quizzes Today


Score Distribution

Your Account Isn't Verified!

In order to create a playlist on Sporcle, you need to verify the email address you used during registration. Go to your Sporcle Settings to finish the process.

Report this User

Report this user for behavior that violates our Community Guidelines.

Details: